000 00333nam a22001457a 4500
008 221124b ||||| |||| 00| 0 eng d
020 _a9780763734299
041 _aeng
080 _a610.73
082 _a610.73
100 _a9
101 _aINF
245 _aTHE NURSE PRACTITIONER IN LONG -TERM CARE
_cWHITE B
942 _2udc
_cBK
999 _c59019
_d59019